[Event "Zuerich op-B 40th"]
[Site "Zuerich"]
[Date "2016.12.30"]
[Round "7"]
[White "Simic, Bosko"]
[Black "Sibler, Pius"]
[Result "1-0"]
[WhiteElo "1696"]
[BlackElo "1511"]
[PlyCount "101"]
[EventDate "2016.12.26"]
[EventType "swiss"]
[EventRounds "7"]
[EventCountry "SUI"]
[SourceTitle "EXT 2019"]
[Source "ChessBase"]
[SourceDate "2018.10.10"]
[SourceVersion "1"]
[SourceVersionDate "2018.10.10"]
[SourceQuality "1"]

1. d4 Nf6 2. Nc3 g6 3. Bf4 e6 4. e4 Bb4 5. Qd3 Bxc3+ 6. bxc3 d6 7. Nf3 Qd7 8. Bh6 b6 9. Bg7 Ba6 10. Qe3 Ng4 11. Qf4 Rg8 12. Bxa6 Rxg7 13. Bb7 e5 14. dxe5 Nc6 15. Bxa8 dxe5 16. Qd2 Qd6 17. Bxc6+ Qxc6 18. 0-0 f5 19. exf5 gxf5 20. h3 Nf6 21. Rfe1 Ne4 22. Nxe5 Nxd2 23. Nxc6+ Kf8 24. Nxa7 Nf3+ 25. Kh1 Nxe1 26. Rxe1 Kf7 27. Nb5 Kf6 28. Nd4 Rd7 29. Re2 c5 30. Nb3 Rd1+ 31. Kh2 Ra1 32. f3 Rxa2 33. g4 f4 34. h4 h6 35. Nc1 Ra4 36. Re4 b5 37. Rxa4 bxa4 38. Kg2 c4 39. Kf2 Kg6 40. Ke2 a3 41. Kd1 Kf6 42. Na2 Ke5 43. Nb4 h5 44. g5 Kd6 45. Kc1 Kc5 46. g6 Kb5 47. g7 Ka4 48. g8Q a2 49. Qa8+ Kb5 50. Qc6+ Ka5 51. Qa6# 1-0